Adam a Eva Hra v štyroch dejstvách

Bibliographic Details
Main Author: Bulgakov, Michail Afanasievič, 1891-1940 (Author)
Other Authors: Lehutová, Dana, 1935-2007 (Translator)
Format: Article
Language:Slovak
PhysicalDescription:Fot. 5.
Subjects:

MARC

LEADER 00000nab a2200000 a 4500
001 vtls000326321
003 SK-MaSNL
005 20260303225227.0
008 111201c1988 xo 0 slo
015 |a SNBRB19rr/mm-uuuuu 
035 |a CL0326443 
040 |a SNKBUCL  |b slo  |c SNKBUCL  |e AACR2 
041 0 |a slo 
044 |a xo  |c SK 
080 |a 882-2  |2 1981 
100 1 |a Bulgakov, Michail Afanasievič,  |d 1891-1940  |4 aut  |9 121214 
245 1 0 |a Adam a Eva  |b Hra v štyroch dejstvách  |c Michail Bulgakov ; Dana Lehutová 
300 |b Fot. 5. 
500 |a V časti Próza. Pozn. 7. Dat. Moskva, 22. 8. 1931. 
650 0 7 |a divadelné hry  |2 snkbucl  |9 79680 
655 7 |a články z novín a časopisov  |2 snkbucl  |9 267496 
655 7 |a články z odboru literárna veda a krásna literatúra  |2 snkbucl  |9 770045 
700 1 |a Lehutová, Dana,  |d 1935-2007  |4 trl  |9 161676 
773 0 |t Sovětská literatura  |g Č. 7 (1988), s. 89-137 
850 |a Slovenská národná knižnica v Martine  |a MTA001 
852 |a SNK  |b KIS3GCP 
958 |a RK 
958 |a LX 
958 |a SU 
992 |a RBX 
999 |c 2256232  |d 2258162